000 00685nam a2200265 a 4500
003 AR-BaBNM
005 20251128202846.0
008 082120s2002 ||||||||||||||000 | spa||
020 _a84-348-0821-8
040 _cAR-BaBNM
100 1 _aPerol, Huguette
245 0 0 _aLa jungla de oro maldito
250 _a8ª ed.
260 _aMadrid
_bEdiciones S.M.
_c1988
300 _a168 p.
_bil.
490 0 _aEl barco de vapor
_vv. 4
500 _aRecomendado a partir de 12 años
650 4 _aLITERATURA INFANTIL
650 4 _aLIBROS PARA NIÑOS
650 4 _aCUENTOS DE AVENTURAS
650 4 _aCOSTUMBRES Y TRADICIONES
655 _aLITERATURA
942 _cBK
998 _claura
999 _c921
_d921